000
00494nam a2200181Ia 4500
008
090123s9999 xx 000 0 und d
082
_b
34291
100
_a
बनहट्टी अनिरुध्द
245
_a
जादू
250
_a
0
260
_b
संयम
300
_a
160
600
_a
बनहट्टी अनिरुध्द
630
_a
जादू
700
_a
बनहट्टी अनिरुध्द
730
_a
जादू
942
_c
BOOK
999
_c
72332
_d
72332